|
|
|
|
| LEADER |
00916nab a2200205 i 4500 |
| 001 |
acta6456 |
| 005 |
20220926142642.0 |
| 008 |
161015s1980 hu o 0|| hun d |
| 022 |
|
|
|a 0324-6523
|
| 040 |
|
|
|a SZTE Egyetemi Kiadványok Repozitórium
|b hun
|
| 041 |
|
|
|a hun
|
| 100 |
1 |
|
|a Hencz Aurél
|
| 245 |
1 |
0 |
|a Törekvések a felsőfokú közigazgatási tisztviselőképzés szakszerűbbé tételére a két világháború között
|h [elektronikus dokumentum] /
|c Hencz Aurél
|
| 260 |
|
|
|a Szegedi Tudományegyetem Állam- és Jogtudományi Kara
|b Szeged
|c 1980
|
| 300 |
|
|
|a 139-155
|
| 490 |
0 |
|
|a Acta Universitatis Szegediensis : acta juridica et politica
|v 27 No. 1-20
|
| 650 |
|
4 |
|a Társadalomtudományok
|
| 650 |
|
4 |
|a Politikatudomány
|
| 695 |
|
|
|a Közigazgatási tisztviselők - képzés - felsőfokú - Magyarország - 1919-1938
|
| 856 |
4 |
0 |
|u http://acta.bibl.u-szeged.hu/6456/1/juridpol_027_139-155.pdf
|z Dokumentum-elérés
|